| 000 | 01095cam a22003613a 4500 | ||
|---|---|---|---|
| 001 | 1260 | ||
| 003 | PGUSA | ||
| 005 | 20140828082959.0 | ||
| 008 | 980301s1998||||xxu|||||s|||||000 1 eng d | ||
| 040 |
_aPGUSA _beng |
||
| 042 | _adc | ||
| 050 | 4 | _aPR | |
| 100 | 1 |
_aBrontë, Charlotte, _d1816-1855 |
|
| 245 | 1 | 0 |
_aJane Eyre : _bAn Autobiography _h[electronic resource] / _cCharlotte Brontë |
| 260 |
_bProject Gutenberg, _c1998 |
||
| 506 | _aPublic domain in the USA. | ||
| 516 | _aElectronic text | ||
| 653 | _aMarried people -- Fiction | ||
| 653 | _aFathers and daughters -- Fiction | ||
| 653 | _aMentally ill women -- Fiction | ||
| 653 | _aCountry homes -- Fiction | ||
| 653 | _aBildungsromans | ||
| 653 | _aCharity-schools -- Fiction | ||
| 653 | _aLove stories | ||
| 653 | _aEngland -- Fiction | ||
| 653 | _aOrphans -- Fiction | ||
| 653 | _aGovernesses -- Fiction | ||
| 653 | _aYoung women -- Fiction | ||
| 700 | 1 |
_aTownsend, F. H. _q(Frederick Henry), _d1868-1920 |
|
| 830 | 0 |
_aProject Gutenberg _v1260 |
|
| 856 | 4 | 0 | _uhttp://www.gutenberg.org/ebooks/1260 |
| 942 | _cEB | ||
| 999 |
_c230608 _d230608 |
||